00567nam a2200193Ii 450000100060000000300090000600800410001502000150005604000330007104100080010408200180011210000290013024500680015926400530022730000120028033600260029233700280031833800270034614002CO-ViMGA241108s9999||||xx |||||||||||||| ||und|| a9587094182 aCO-ViMGAbspaerdacCO-ViMGA0 aspa04a398.0986 F85c1 aFundación BAT Colombia10aColombia de fiesta:blas tradicionales folclóricas regionales 1aBogotá, Colombia : Círculo de Lectores, 2006 avolumen atextbtxt2rdacontent aunmediatedbn2rdamedia avolumebnc2rdacarrier